000 01127nam0a2200301 4500
001 RU\NLR\bibl\93126
005 20260409070646.0
010 _a5-691-00335-6
_915000
021 _aRU
_b2000-2358
_9119
035 _a(NLR Aleph) 000091004
090 _a510571
_c510571
100 _a20000620d1999 |||y0rusy50 ca
101 0 _arus
102 _aRU
105 _aa |||||||||
200 1 _aКультура речи для дошкольников
_eПроф. Алфавит в городе Веселинске
_fИрина Голуб
_g[Худож. Р.В. Сурьянинова]
210 _aМ.
_cВЛАДОС
_d1999
215 _a71 с.
_cцв. ил.
_d24
606 _aДошкольники
_xРазвитие речи
_jМетодические пособия
_3RU\NLR\auth\66356888
_9957151
686 _aЧ411.382.11
700 1 _4070
_8rus
_7ca
_aГолуб
_bИ. Б.
_f1932-
_gИрина Борисовна
_3RU\NLR\auth\773831
_9113822
801 0 _aRU
_bNLR
_c20000620
_gPSBO
801 1 _aRU
_bNLR
_c20000620
830 _aАвт. по кн.
852 _aNLR
_j2000-7/823
942 _cBOOK
980 _aNB